| 000 | 00781nam a22002417a 4500 | ||
|---|---|---|---|
| 003 | UA-OsUOA | ||
| 001 | 20585 | ||
| 007 | ta | ||
| 008 | 20031101b un ||||| |||| 00| 0 ukr d | ||
| 100 | _aВолчко-Кульчицький Іван | ||
| 090 |
_a908(477) _bВ68 |
||
| 942 | _cBK | ||
| 040 |
_aUA-OsUOA _bukr _cUA-OsUOA _dUA-OsUOA |
||
| 245 |
_aІсторія села кульчицьк і роду Драго-Сасів _bДо 700-ліття села і 1000-ліття роду _cСост. В.УмновРед. Я.Радевич-Винницький |
||
| 300 |
_a389 с. _bІлюстрації |
||
| 955 | _a0 | ||
| 041 | _aukr | ||
| 080 | _a908(477) | ||
| 260 |
_aДрогобич _bВідродження _c1995 |
||
| 044 | _aUA | ||
| 650 | 7 | _2UDC | |
| 999 |
_c306765 _d306765 |
||